| 000 | 00699cam a2200277 i 4500 | ||
|---|---|---|---|
| 001 | 0000659 | ||
| 003 | DO-SdBNP | ||
| 005 | 20171214074105.0 | ||
| 007 | 0000659 | ||
| 008 | 100514s 1995 xxu a | 000 f spa | ||
| 015 | _a | ||
| 017 |
_a _b |
||
| 020 | _a0590459139 | ||
| 035 | _a | ||
| 040 |
_aBPMSU _bspa _cBPMSU _e |
||
| 080 | _a | ||
| 100 | 1 | _aHaskins, Jim | |
| 245 | 1 | 0 |
_aBlack eagles _bafrican americans in aviation / _cJim Haskins |
| 260 |
_aNew York : _bScholastic, _c1995. |
||
| 300 |
_a196 p.: _bil. _c20 cm |
||
| 500 | _aIncluye índice. | ||
| 504 | _aBibliografía p: 177 | ||
| 942 |
_2ddc _cBK |
||
| 945 | _ainventariado extranjero / DG | ||
| 956 |
_aYLOCKWARD _810 _cBPMSU |
||
| 999 |
_c11329 _d11329 |
||